000 00995naa a22002897a 4500
001 BR7704500
003 BR-BrBNA
005 20240918174028.0
007 ta
008 230509b bl.||||| |||| 00| 0 por d
040 _aBR-BrBNA
_bpor
_cBiblioteca Nacional de Agricultura
041 _a(Pt)
072 _aL10
_b5214
_bG514
090 _aL10 BR7704500
100 1 _aPerotto, D.
245 1 _aMelhoramento genetico de bovinos leiteiros [Parana, Brasil]
260 3 _aLondrina, PR (Brasil):
_c[nd].
500 _aAmaral, J.F. do (ed.) Leite Londrina, PR (Brasil): [nd]. p. 64-73 (BR7704500-AM)L10
650 _aGENETICA ANIMAL
650 _aGADO LEITEIRO
650 _aCRUZAMENTO
650 _aSELECAO GENETICA
650 _aPARANA
773 0 _t(*)Documento disponível na(o)A questao do leite [comercializacao, industrializacao, Parana, Brasil].
_aCarrao, M.
_w9410 BR1300032
_gCuritiba, PR (Brasil), 1913.
_q31 p.
909 _a202404
_bLucia
_c55
_dLucia Elande
942 _cAM
_2AGRIS
999 _c308444
_d308444